Design and performance analysis of edge-passivated bismuthene nanoribbon topological field effect transistor (Record no. 45645)

000 -LEADER
fixed length control field 00539nam a22001697a 4500
001 - CONTROL NUMBER
control field 45645
003 - CONTROL NUMBER IDENTIFIER
control field BD-DhUET
008 - FIXED-LENGTH DATA ELEMENTS--GENERAL INFORMATION
fixed length control field 250802b xxu||||| |||| 00| 0 eng d
040 ## - CATALOGING SOURCE
Transcribing agency 0
Modifying agency BD-DhUET
100 ## - MAIN ENTRY--PERSONAL NAME
Personal name Munna, Mahfuzur Rahman
245 ## - TITLE STATEMENT
Title Design and performance analysis of edge-passivated bismuthene nanoribbon topological field effect transistor
260 ## - PUBLICATION, DISTRIBUTION, ETC. (IMPRINT)
Place of publication, distribution, etc. Dhaka
Name of publisher, distributor, etc. Department of Electrical and Electronic Engineering, BUET
Date of publication, distribution, etc. 2025
300 ## - PHYSICAL DESCRIPTION
Extent xii, 58 p.
501 ## - WITH NOTE
With note One CD-ROM
504 ## - BIBLIOGRAPHY, ETC. NOTE
Bibliography, etc Includes bibliographies
942 ## - ADDED ENTRY ELEMENTS (KOHA)
Koha item type Thesis
Holdings
Koha item type Lost status Date acquired Price effective from Location (home branch) Withdrawn status Source of classification or shelving scheme Shelving location Damaged status Sublocation or collection (holding branch) Not for loan Piece designation (barcode) Koha date last seen
Thesis 2026-02-182026-04-12Central Library, BUET  Acquisition section Central Library, BUET 1210002026-04-12